| 000 | 01255cam a2200373 a 4500 | ||
|---|---|---|---|
| 999 |
_c2867 _d2867 |
||
| 001 | ocn639954014 | ||
| 003 | TZ-ArACH | ||
| 005 | 20200212170018.0 | ||
| 008 | 100409s2009 fr b 000 0bfre | ||
| 010 | _a 2010453189 | ||
| 016 | 7 |
_a015791407 _2Uk |
|
| 020 | _a9782296104464 | ||
| 020 | _a2296104460 | ||
| 035 | _a(OCoLC)639954014 | ||
| 040 |
_aDLC _beng _cTZ-ArACH _dZCU _dNYP _dUKMGB |
||
| 041 | _aFre | ||
| 043 | _af-rh--- | ||
| 049 | _aTZAA | ||
| 050 | 0 | 0 |
_aDT3000 _b.M28 |
| 100 | 1 |
_aLique, René-Jacques, _d1954- _914088 |
|
| 245 | 1 | 0 |
_aMugabe, Robert Gabriel : "souillure" or not "souillure"? _b"souillure" or not "souillure"? / _cRené-Jacques Lique. |
| 260 |
_aParis : _bHarmattan, _c2009. |
||
| 300 |
_a460 p. ; _c24 cm. |
||
| 490 | 1 | _aGrandes figures d'Afrique | |
| 504 | _aIncludes bibliographical references. | ||
| 600 | 1 | 0 |
_aMugabe, Robert Gabriel, _d1924- _914089 |
| 650 | 0 |
_aPresidents _zZimbabwe _vBiography. _914090 |
|
| 651 | 0 |
_aZimbabwe _xPolitics and government _y1980- _914091 |
|
| 651 | 0 |
_aZimbabwe _xForeign relations _y1980- _914092 |
|
| 651 | 0 |
_aZimbabwe _xEconomic conditions _y1980- _914093 |
|
| 651 | 0 |
_aZimbabwe _xSocial conditions _y1980- _914094 |
|
| 830 | 0 |
_aGrandes figures d'Afrique. _914095 |
|
| 942 |
_2lcc _cBOOK |
||